• 首页
  • 本馆介绍
  • 公告通知
  • 最新文献
  • 馆藏检索
  • 电子资源
  • 读者导购
  • 参考咨询
  • 我的图书馆
  • 登录
  • 详细信息显示
  • 放入我的书架
  • 预约/预借图书
  • 作者相关作品
  • 分类相关作品
  • 丛书相关作品
  • 出版社相关作品

书目信息

  • 表格格式
  • 工作单格式
  • 卡片格式
题名:
诗意的栖居
    
 
作者: 方珊 编著
分册:  
出版信息: 石家庄   河北少年儿童出版社  2003
页数: 205页
开本: 23cm
丛书名: 新世纪美育系列丛书
单 册:
中图分类: TU-80
科图分类:
主题词: 建筑美学--普及读物
电子资源:
ISBN: 7-5376-2521-2
000 00805oam2 2200253 450
001 1562967867
005 20150117173021.76
010    @a7-5376-2521-2@dCNY36.80
100    @a20030317d2003 em y0chiy50 ea
101 0  @achi
102    @aCN@b130000
105    @aa z 000yy
200 1  @a诗意的栖居@9shi yi de qi ju@e建筑美@f方珊编著
210    @a石家庄@c河北少年儿童出版社@d2003
215    @a205页@c图@d23cm
225 2  @a新世纪美育系列丛书
330    @a本书讲述了外国建筑、中国建筑、中国古代建筑的特点、建筑的审美要素、丰富多彩的中国建筑以及国内外精品赏析等就部分内容。
461  0 @12001 @a新世纪美育系列丛书
517 1  @a建筑美@9jian zhu mei
606 0  @a建筑美学@j普及读物
690    @aTU-80@v5
701  0 @a方珊@9fang shan@4编著
801  0 @aCN@bTSSF@c20150117
905    @aZUCC@dTU-80@eJY1
    
    诗意的栖居:建筑美/方珊编著.-石家庄:河北少年儿童出版社,2003
    205页:图;23cm.-(新世纪美育系列丛书)
    
    
    ISBN 7-5376-2521-2:CNY36.80
    本书讲述了外国建筑、中国建筑、中国古代建筑的特点、建筑的审美要素、丰富多彩的中国建筑以及国内外精品赏析等就部分内容。
●
相关链接 在E读中查询图书 在五车中查询图书 在当当中查询图书 在豆瓣中查询图书


正题名:诗意的栖居     索取号:TU-80/JY1         预约/预借

序号 登录号 条形码 馆藏地/架位号 状态 备注
1 7853490   278534908   学院路分馆/ [索取号:TU-80/JY1] 在馆    
2 7853491   278534917   学院路分馆/ [索取号:TU-80/JY1] 在馆    
3 7853492   278534926   学院路分馆/ [索取号:TU-80/JY1] 在馆    
唐山师范学院图书馆 欢迎您!
大连网信软件有限公司© 版权所有